000 00920nam a22003017a 4500
001 6685
003 FISKH
005 20250521090045.0
008 250521b cb ||||| |||| 00| 0 eng d
020 _a9780545342940
040 _aFISKH
_beng
_cFISKH
_dFISKH
050 _aPZ7.
082 _a 973.7092
100 _aBauer, Dane Marion
_d(1938-)
245 _aAbraham Lincoln /
_cBy Marion Dane Bauer ; Illustrated by Liz Goulet Dubois
250 _aThis edition first published in 2012
260 _aNew York :
_bScholastic,
_c2012
300 _a30 pages :
_bcolor illustrations ;
_c21 cm
505 _aN
520 _aA simple introduction to the life and work of Abraham Lincoln.
521 8 _a560
_bLexile
521 8 _aN
_bRaz-Plus
650 _2Abraham Lincoln
_aPresident
650 _2Children
_aPatriotic
700 _aDubois, Goulet Liz
_dillustrator
942 _2ddc
_cBK
_n0
999 _c6685
_d6685